Comparative physical biology / (Record no. 40449)
[ view plain ]
| 000 -LEADER | |
|---|---|
| fixed length control field | 00760cam4a220026500 4500 |
| 001 - CONTROL NUMBER | |
| control field | lce00916249 |
| 008 - FIXED-LENGTH DATA ELEMENTS--GENERAL INFORMATION | |
| fixed length control field | 731113s1973 sz b 001 0 eng |
| 010 ## - LIBRARY OF CONGRESS CONTROL NUMBER | |
| LC control number | 73175592 |
| 015 ## - NATIONAL BIBLIOGRAPHY NUMBER | |
| National bibliography number | Sw*** |
| 020 ## - INTERNATIONAL STANDARD BOOK NUMBER | |
| International Standard Book Number | 3805514859 |
| 020 ## - INTERNATIONAL STANDARD BOOK NUMBER | |
| Terms of availability | 87.00F ( |
| -- | 7.00 U.S.) |
| 035 ## - SYSTEM CONTROL NUMBER | |
| System control number | (Sirsi) r65045 |
| 035 ## - SYSTEM CONTROL NUMBER | |
| System control number | (DLC) 73175592 |
| 035 ## - SYSTEM CONTROL NUMBER | |
| System control number | (UPRA)lce00916249 |
| 040 ## - CATALOGING SOURCE | |
| Modifying agency | UPRA |
| 050 0# - LIBRARY OF CONGRESS CALL NUMBER | |
| Classification number | QH505 |
| Item number | .J63 |
| 082 ## - DEWEY DECIMAL CLASSIFICATION NUMBER | |
| Classification number | 574.1/91 |
| 100 1# - MAIN ENTRY--PERSONAL NAME | |
| Personal name | Joseph, Norman R. |
| Linkage | A24999.1 |
| 245 10 - TITLE STATEMENT | |
| Title | Comparative physical biology / |
| Statement of responsibility, etc. | [by] N.R. Joseph. |
| 260 ## - PUBLICATION, DISTRIBUTION, ETC. | |
| Place of publication, distribution, etc. | Basel ; New York : |
| -- | Basel ; New York : |
| Name of publisher, distributor, etc. | S. Karger, |
| Date of publication, distribution, etc. | 1973. |
| 504 ## - BIBLIOGRAPHY, ETC. NOTE | |
| Bibliography, etc. note | Bibliography: p. [225]-229. |
| 650 #0 - SUBJECT ADDED ENTRY--TOPICAL TERM | |
| Topical term or geographic name entry element | Biophysics. |
| Linkage | S8766.1 |
| 949 ## - LOCAL PROCESSING INFORMATION (OCLC) | |
| a | QH505 |
| w | LC |
| i | -86808 |
| m | MEDICAL |
| t | BOOK |
| l | ON-SHELF |
| Withdrawn status | Lost status | Source of classification or shelving scheme | Damaged status | Not for loan | Home library | Current library | Shelving location | Total Checkouts | Full call number | Barcode | Date last seen | Copy number | Price effective from | Koha item type |
|---|---|---|---|---|---|---|---|---|---|---|---|---|---|---|
| Library of Congress Classification | Medical Library | Medical Library | On Shelf | QH505 | -86808 | 08/13/2019 | 1 | 08/13/2019 | Book |